|
|
|
|
| LEADER |
01070pam a22002898a 4500 |
| 001 |
00022951 |
| 005 |
20171026081022.0 |
| 008 |
110607s1998 ||||||Viesd |
| 020 |
|
|
|c 6700
|
| 041 |
0 |
# |
|a Vie
|
| 082 |
1 |
4 |
|a 372.21
|b V115H
|
| 100 |
0 |
# |
|a Phạm Thị Việt
|
| 245 |
0 |
0 |
|a Văn học và phương pháp cho trẻ tiếp xúc với văn học
|b Giáo trình đào tạo giáo viên THSP mầm non hệ 12+2
|c Phạm Thị Việt, Lê Ánh Tuyết, Cao Đức Tiến
|
| 250 |
# |
# |
|a Tái bản lần thứ 1
|
| 260 |
# |
# |
|a H.
|b Giáo dục
|c 1998
|
| 300 |
# |
# |
|a 168 tr.
|c 20 cm.
|
| 500 |
# |
# |
|a ĐTTS: Bộ giáo dục và đào tạo
|
| 653 |
# |
# |
|a Giáo trình
|
| 653 |
# |
# |
|a Mẫu giáo
|
| 653 |
# |
# |
|a Phương pháp giảng dạy
|
| 653 |
# |
# |
|a Văn học
|
| 700 |
0 |
# |
|a Cao Đức Tiến
|
| 700 |
0 |
# |
|a Lê Ánh Tuyết
|
| 852 |
# |
# |
|b Kho đọc
|j KD.0009294
|
| 852 |
# |
# |
|j KD.0009294
|
| 910 |
0 |
# |
|a ngọc
|d 07/06/2011
|
| 980 |
# |
# |
|a Trung tâm Học liệu Lê Vũ Hùng, Trường Đại học Đồng Tháp
|